000 00584nam a22002057a 4500
005 20251108164300.0
008 250721s1993 xx 000 0 ara d
082 1 4 _a354.565/باك
100 1 _aباكير، حكمت
245 1 0 _aحقائب وزارية 1921- 1992 /
264 1 _aعمان :
_bمؤسسة باكير للدراسات الثقافية،
_c1993.
300 _a345ص.
650 1 7 _aالأردن
650 1 7 _aالوزارات
650 1 7 _aالسياسة
650 1 7 _aالحكومة
650 1 7 _aتاريخ الأردن
942 _2ddc
_cBK
999 _c8295
_d8295